<?xml version="1.0" encoding="UTF-8"?>
<record
    xmlns:xsi="http://www.w3.org/2001/XMLSchema-instance"
    xsi:schemaLocation="http://www.loc.gov/MARC21/slim http://www.loc.gov/standards/marcxml/schema/MARC21slim.xsd"
    xmlns="http://www.loc.gov/MARC21/slim">

  <leader>00908nam a2200253 a 4500</leader>
  <controlfield tag="001">40646</controlfield>
  <controlfield tag="003">BD-RjUL</controlfield>
  <controlfield tag="005">20211209053247.0</controlfield>
  <controlfield tag="008">160507s1976    bg |||| |||| 00| 0 bbend</controlfield>
  <datafield tag="020" ind1=" " ind2=" ">
    <subfield code="c">: 3.50</subfield>
  </datafield>
  <datafield tag="035" ind1=" " ind2=" ">
    <subfield code="a">(BD-RjUL)40761</subfield>
  </datafield>
  <datafield tag="040" ind1=" " ind2=" ">
    <subfield code="a">BD-RjUL</subfield>
    <subfield code="b">ben</subfield>
    <subfield code="c">BD-RjUL</subfield>
  </datafield>
  <datafield tag="041" ind1=" " ind2=" ">
    <subfield code="a">ben</subfield>
  </datafield>
  <datafield tag="082" ind1=" " ind2=" ">
    <subfield code="2">23</subfield>
    <subfield code="a">301.03</subfield>
    <subfield code="b">KAS 1976</subfield>
  </datafield>
  <datafield tag="100" ind1=" " ind2=" ">
    <subfield code="a">&#x995;&#x9B0;&#x9BF;&#x9AE;, &#x98F;. &#x995;&#x9C7;. &#x9A8;&#x9BE;&#x99C;&#x9AE;&#x9C1;&#x9B2;</subfield>
    <subfield code="9">125071</subfield>
  </datafield>
  <datafield tag="245" ind1="1" ind2="0">
    <subfield code="a">&#x9B8;&#x9AE;&#x9BE;&#x99C; &#x9AC;&#x9BF;&#x99C;&#x9CD;&#x99E;&#x9BE;&#x9A8; &#x9AA;&#x9B0;&#x9BF;&#x9AD;&#x9BE;&#x9B7;&#x9BE;&#x995;&#x9CB;&#x9B7; /</subfield>
    <subfield code="c"> &#x98F;. &#x995;&#x9C7;. &#x9A8;&#x9BE;&#x99C;&#x9AE;&#x9C1;&#x9B2; &#x995;&#x9B0;&#x9BF;&#x9AE;</subfield>
  </datafield>
  <datafield tag="260" ind1=" " ind2=" ">
    <subfield code="a">&#x9A2;&#x9BE;&#x995;&#x9BE; :</subfield>
    <subfield code="b">&#x9AC;&#x9BE;&#x982;&#x9B2;&#x9BE; &#x98F;&#x995;&#x9BE;&#x9A1;&#x9C7;&#x9AE;&#x9C0;,</subfield>
    <subfield code="c">&#x9E7;&#x9EF;&#x9ED;&#x9EC;</subfield>
  </datafield>
  <datafield tag="300" ind1=" " ind2=" ">
    <subfield code="a">[&#x9EA;], &#x9EA;&#x9EC;&#x9AA;&#x9C3;. ;</subfield>
    <subfield code="c">&#x9E8;&#x9E7; &#x9B8;&#x9C7;&#x9AE;&#x9BF;.</subfield>
  </datafield>
  <datafield tag="490" ind1=" " ind2=" ">
    <subfield code="a">&#x9AC;&#x9BE;&#x98F; ;</subfield>
    <subfield code="v">&#x9ED;&#x9E8;&#x9EA;</subfield>
  </datafield>
  <datafield tag="650" ind1=" " ind2=" ">
    <subfield code="a">&#x9B8;&#x9AE;&#x9BE;&#x99C;&#x9AC;&#x9BF;&#x99C;&#x9CD;&#x99E;&#x9BE;&#x9A8; </subfield>
    <subfield code="x">&#x985;&#x9AD;&#x9BF;&#x9A7;&#x9BE;&#x9A8;</subfield>
    <subfield code="9">172020</subfield>
  </datafield>
  <datafield tag="650" ind1=" " ind2=" ">
    <subfield code="a">Sociology</subfield>
    <subfield code="x">Dictionaries</subfield>
    <subfield code="9">172021</subfield>
  </datafield>
  <datafield tag="830" ind1=" " ind2=" ">
    <subfield code="a">&#x9AC;&#x9BE;&#x98F; ;</subfield>
    <subfield code="v">&#x9ED;&#x9E8;&#x9EA;</subfield>
    <subfield code="9">172053</subfield>
  </datafield>
  <datafield tag="942" ind1=" " ind2=" ">
    <subfield code="2">ddc</subfield>
    <subfield code="c">REF</subfield>
  </datafield>
  <datafield tag="999" ind1=" " ind2=" ">
    <subfield code="c">40646</subfield>
    <subfield code="d">40646</subfield>
  </datafield>
  <datafield tag="952" ind1=" " ind2=" ">
    <subfield code="0">0</subfield>
    <subfield code="1">0</subfield>
    <subfield code="2">ddc</subfield>
    <subfield code="4">0</subfield>
    <subfield code="7">1</subfield>
    <subfield code="8">REF</subfield>
    <subfield code="a">RUCL</subfield>
    <subfield code="b">RUCL</subfield>
    <subfield code="c">Reference</subfield>
    <subfield code="d">1982-06-17</subfield>
    <subfield code="e">Aligar Library, Rajshahi</subfield>
    <subfield code="g">3.50</subfield>
    <subfield code="l">0</subfield>
    <subfield code="o">BR 301.03 KAS 1976</subfield>
    <subfield code="r">2016-05-07 00:00:00</subfield>
    <subfield code="t">C-1</subfield>
    <subfield code="w">2021-12-09</subfield>
    <subfield code="y">REF</subfield>
  </datafield>
  <datafield tag="952" ind1=" " ind2=" ">
    <subfield code="0">0</subfield>
    <subfield code="1">0</subfield>
    <subfield code="2">ddc</subfield>
    <subfield code="4">0</subfield>
    <subfield code="7">1</subfield>
    <subfield code="8">REF</subfield>
    <subfield code="a">RUCL</subfield>
    <subfield code="b">RUCL</subfield>
    <subfield code="c">Reference</subfield>
    <subfield code="d">1984-12-29</subfield>
    <subfield code="e">Aligar Library, Rajshahi</subfield>
    <subfield code="g">3.50</subfield>
    <subfield code="l">0</subfield>
    <subfield code="o">BR 301.03 KAS 1976</subfield>
    <subfield code="r">2016-05-07 00:00:00</subfield>
    <subfield code="t">C-2</subfield>
    <subfield code="w">2021-12-09</subfield>
    <subfield code="y">REF</subfield>
  </datafield>
</record>
